Star Wars Characters by Death - Statistics

General Stats
  • This quiz has been taken 230 times
    176 since last reset
  • The average score is 43 of 113
Answer Stats
Death Character % Correct
Killed by Darth Maul on Naboo Qui-Gon Jinn
99%
Decapitated by Mace Windu on Geonosis Jango Fett
81%
Betrayed by Anakin Skywalker and electrocuted out of a window by Darth Sidious Mace Windu
77%
First death; thrown down the Death Star II's reactor shaft by Darth Vader, after which he transported his spirit into a new host body | Second death; killed by his granddaughter during the Battle of Exegol, who was aided by the spirits of past Jedi Sheev Palpatine
77%
Killed by damage from his master's Force lightning, dying a redeemed man and fulfilling the Chosen One prophecy Anakin Skywalker
73%
Beheaded by Anakin Skywalker aboard the Invisible Hand, during the Battle of Coruscant Count Dooku
72%
Killed in an act of sacrifice aboard the Death Star by Darth Vader Obi-Wan Kenobi
72%
Died during childbirth on Polis Massa Padme Amidala
72%
Tortured to death by Tusken Raiders on Tatooine Shmi Skywalker
72%
Impaled by his son on Starkiller Base before falling to his death Han Solo
70%
Died of old age, peacefully at his hut on Dagobah Yoda
70%
Killed by the Son on Mortis; later resurrected by the Daughter and Anakin Skywalker Ahsoka Tano
67%
Died in an act of sacrifice resurrecting the above, fully realizing the power his grandfather had fallen to the Dark Side in pursuit of Ben Solo
67%
Died exhausting her remaining life forces to reach out to her son and call him back from the Dark Side Leia Organa
67%
Killed by his Clone Troopers on Mygeeto Ki-Adi-Mundi
66%
Perished in an act of sacrifice, fully exhausting his life resources to project himself through the Force to hold back Kylo Ren on Crait Luke Skywalker
66%
Killed by Obi-Wan Kenobi on Tatooine Darth Maul
64%
Assassinated with a poison dart by Jango Fett Zam Wesell
62%
May or may not have shot first, but was definitely killed by Han Solo on Tatooine Greedo
61%
Killed by her Clone Troopers on Felucia Aayla Secura
60%
Slain by Obi-Wan Kenobi on Utapau General Grievous
60%
Killed by Darth Sidious upon confronting him for his crimes (name any one of the three) Kit Fisto, Agen Kolar, Saesee Tiin
60%
Driven insane and killed by his comrades after discovering Order 66 prematurely Fives
59%
Died in each other's arms as Scarif was partially obliterated by the Death Star (name either of the two) Jyn Erso, Cassian Andor
59%
Died of exhaustion following the killing of the above Rey
59%
Executed by Darth Maul to punish Obi-Wan Satine Kryze
59%
Strangled by Leia Organa aboard his barge on Tatooine Jabba the Hutt
57%
Killed by Darth Sidious during a duel on Mandalore Savage Opress
56%
Blown up aboard the Death Star during the Battle of Yavin Wilhuff Tarkin
56%
Shot by Allegiant General Pryde, who had discovered that he was a spy disseminating information to the Resistance Armitage Hux
53%
Incinerated at their homestead on Tatooine (name either of the two) Owen Lars, Beru Lars
53%
Poisoned by Captain Phasma, as part of a plot formulated by her and his son, Armitage Brendol Hux
51%
Killed during the Death Star's test attack on Jedha Saw Gerrera
51%
Rebel leader blown up along with the rest of Alderaan Bail Organa
50%
Shot by Dogma on Umbara for betraying the Republic Pong Krell
49%
Killed by Darth Maul, who desired the Darksaber and command of Death Watch Pre Vizsla
49%
Betrayed and killed by Kylo Ren aboard the Supremacy Snoke
49%
Killed as an act of sacrifice to save Quinlan Vos and bring him back from the Dark Side Asajj Ventress
47%
Died in his daughter's arms following a Rebel bombing run on Eadu Galen Erso
47%
Murdered by Count Dooku on Coruscant, not long after the death of the above Yaddle
46%
Fell to her death following a fight with Finn in the aftermath of the Supremacy's destruction Captain Phasma
44%
Slain by the Praetorian Guard on Mandalore Paz Vizsla
44%
Killed in an act of sacrifice, performing her namesake maneuver to ram and destroy the Supremacy Amilyn Holdo
43%
Killed in an act of sacrifice during the liberation of Lothal Kanan Jarrus
43%
Killed by General Grievous on Dathomir Mother Talzin
41%
Bested by Kanan Jarrus aboard the Sovereign, spirit held captive by Darth Vader The Grand Inquisitor
41%
Killed by his former lover, Sy Snootles, on Teth Ziro the Hutt
41%
Died of old age on Ferrix Maarva Andor
40%
Childhood friend of Luke Skywalker, killed during the Battle of Yavin Biggs Darklighter
39%
Killed in an act of sacrifice, ensuring that Jyn Erso and Cassian Andor could steal the Death Star's plans K-2SO
39%
Killed (for now) in the explosion that followed the downing of a light cruiser on Mandalore Moff Gideon
39%
Hit directly by the Death Star's laser beam at the top of the Citadel Tower on Scarif Orson Krennic
39%
Shot by Han Solo on Savareen for betraying him Tobias Beckett
39%
Hanged by the Empire on Ferrix shortly after the Clone Wars Clem Andor
38%
Killed fighting alongside his Clone brothers during the liberation of Lothal Gregor
36%
Taken out by Death Troopers while trying to avenge the above Baze Malbus
34%
Taken out by an explosion after completing a blind walk of faith on Scarif Chirrut Imwe
34%
Devoured by Jabba the Hutt's rancor after attempting to resist him Oola
34%
Blown up in his shuttle on Scarif due by a C-25 fragmentation grenade Bodhi Rook
33%
Slain by Boba Fett on Tatooine (for now, at least) Cad Bane
33%
Died fighting off Clone Troopers on Kaller so her Padawan, Caleb Dume, could escape Depa Billaba
33%
Killed during an escape from the Citadel during the Battle of Lola Sayu Even Piell
33%
Killed by Ursa Wren on Mandalore after refusing to accept being spared, which conflicted with his warrior tradition Gar Saxon
32%
Killed during the destruction of the bridge of the Raddus during the pursuit of the Resistance, following the evacuation of D'Qar Gial Ackbar
32%
Fell to her death on Onderon after evading an enemy gunship downed by her brother Steela Gerrera
32%
Killed during the Battle of Endor when a Rebel A-Wing crashed into the bridge of the Executor Firmus Piett
30%
Killed by Darth Vader for failing to kill Cal Kestis and her master, Cere Junda Trilla Suduri
30%
Brother of the above, killed during the attempted liberation of Mandalore Tiber Saxon
29%
Killed by Qi'ra on Savareen Dryden Vos
28%
Killed by Cal Kestis on Coruscant, following duel five years prior on Kashyyyk Masana Tide
28%
Slain by Cal Kestis on Tanalorr Bode Akuna
27%
Luke Skywalker's wingman and gunner during the Battle of Hoth, crushed beneath the foot of an AT-AT Dak Ralter
27%
Killed during an escape from Kessel, consciousness transferred into the Millennium Falcon L3-37
27%
Allegiant General killed at the Battle of Exegol Enric Pryde
26%
Defeated in a duel with Darth Vader on Jedha Cere Junda
24%
First death; shot down by Din Djarin on Arvala-7 | Second death; died in an act of sacrifice to ensure Din Djarin's escape on Nevarro IG-11
24%
Killed during a botched train robbery on Vandor (name either of the two) Val, Rio Durrant
24%
Killed by Tobias Beckett sometime after the end of the Clone Wars Aurra Sing
23%
Fatally shot by the above, died in her daughter's arms Iden Versio
23%
Died protecting his apprentice, Cal Kestis, during Order 66 Jaro Tapal
23%
Killed by Kylo Ren on Jakku for his role in hiding part of the map to Luke Skywalker Lor San Tekka
23%
Killed during the explosion that resulted from her actions in releasing the payload of her MG-100 bomber during the evacuation of D'Qar Paige Tico
23%
Killed during the Battle of Jakku, refusing rescue by his daughter Iden Garrick Versio
22%
Killed during the crash of the Tribunal, en route to Coruscant from Mandalore Jesse
22%
Fell to his death saving his family on Eriadu, following an ill-timed attack by Saw Gerrera Tech
21%
Slain by Ahsoka Tano on Peridea Morgan Elsbeth
18%
Killed aboard the Tantive IV during the Battle of Exegol, when it was struck by a reinvigorated Palpatine's Force lightning Nien Nunb
18%
Killed along with the rest of his crew, likely by Darth Vader, after receiving the Death Star plans and passing them on to the Tantive IV Raddus
18%
Shot down by Stormtroopers on Nevarro while trying to flee with Grogu Kuiil
17%
Killed by Ben Solo, who usurped his position after fully giving in to the Dark Side Ren
16%
Shot down in his X-Wing during the Battle of Exegol, mere moments before the arrival of his stepfather, Wedge Antilles Temmin "Snap" Wexley
16%
Fallen Jedi killed by Cal Kestis and Nightsister Merrin on Dathomir Taron Malicos
15%
Killed by Ahsoka Tano on Raada, who took his lightsabers and made them white The Sixth Brother
15%
Moff blown up aboard the Death Star II Tiaan Jerjerrod
15%
Likely killed on Narkina 5; couldn't swim Kino Loy
14%
Slain by Ahsoka Tano on Seatos Marrok
13%
Defeated by Cal Kestis on Koboh Dagan Gera
11%
Crushed by a credit payload on Aldhani, later died during surgery Karis Nemik
11%
Died under the sinking sands of Pasaana after killing a genetic clone of Emperor Palpatine and his wife, searching for their daughter Ochi of Bestoon
11%
Killed by Moff Gideon's assault team on Nevarro (no given name; enter the title he was known by) The Client
11%
Killed by Gideon Hask, his former squad mate, after being interrogated by Kylo Ren on Pillio Del Meeko
10%
Killed aboard the Resurgent-class Star Destroyer the Retribution by his former squad commander Gideon Hask
10%
Shot by Bode Akuna on Jedha Eno Cordova
9%
Taken out by Stormtroopers while attempting to shield the below character NED-8
7%
Shot by Cassian Andor shortly after the death of the above Arvel Skeen
6%
Killed in an act of sacrifice on Jabiim, saving the Hidden Path Tala Durith
5%
Killed by Din Djarin on Tatooine for betrayal and the perceived murder of Fennec Shand Toro Calican
4%
Killed by Rae Sloane during the Battle of Jakku for his methods in carrying out Palpatine's Contingency Gallius Rax
3%
Chancellor of the New Republic, killed during the destruction of Hosnian Prime Lanever Villecham
3%
Shot by Migs Mayfeld on Morak after glorifying the deaths of Imperial soldiers during Operation Cinder Valin Hess
3%
Incapacitated by Kazuda Xiono and killed during the explosion of his Resurgent-class First Order Star Destroyer Commander Pyre
2%
No matching quizzes found
Score Distribution
Percent of People with Each Score
Percentile by Number Answered
Your Score History
You have not taken this quiz since the last reset